Normal view
MARC view
Entry Geographic Name
001 - CONTROL NUMBER
- control field: 34617
003 - CONTROL NUMBER IDENTIFIER
- control field: ARRUPE
005 - DATE AND TIME OF LATEST TRANSACTION
- control field: 20170808112055.0
008 - FIXED-LENGTH DATA ELEMENTS
- fixed length control field: 170808|| aca||aabn | a|a d
040 ## - CATALOGING SOURCE
- Original cataloging agency: ARRUPE
- Transcribing agency: ARRUPE
151 ## - HEADING--GEOGRAPHIC NAME
- Geographic name: Guinea (Region)
- General subdivision: History.
670 ## - SOURCE DATA FOUND
- Source citation: Work cat.: (ARRUPE)0: Davidson, Basil, 1914-2010. 30545, Black mother;, 1968.